[Event "Gibtelecom AmatWk1 6th"]
[Site "Gibraltar"]
[Date "2008.01.22"]
[Round "1.42"]
[White "Hansen, Linda Marie"]
[Black "Booth, Chris"]
[Result "1-0"]
[WhiteElo "1531"]
[BlackElo "1840"]
[PlyCount "93"]
[EventDate "2008.01.22"]
[EventType "swiss"]
[EventRounds "5"]
[EventCountry "GGB"]
[SourceTitle "BritBase"]
[Source "www.saund.co.uk"]
[SourceDate "2018.02.10"]
[SourceVersion "1"]
[SourceVersionDate "2018.02.10"]
[SourceQuality "1"]

1. e4 e6 2. Nf3 d5 3. exd5 exd5 4. d4 Bg4 5. Be2 Nc6 6. Bf4 Bd6 7. Qd2 Nge7 8.
h3 Bh5 9. c3 h6 10. Bxd6 Qxd6 11. Na3 a6 12. Nc2 Bg6 13. Ne3 Be4 14. Nh2 O-O
15. O-O Qg6 16. Bf3 f5 17. Qd1 f4 18. Bxe4 dxe4 19. Qb3+ Kh8 20. Nd5 Nxd5 21.
Qxd5 f3 22. g4 Rad8 23. Qh5 Qxh5 24. gxh5 Rf5 25. Rae1 Re8 26. Ng4 Rxh5 27. Kh2
Ra5 28. a3 Rg5 29. Rg1 Re6 30. Rg3 Rgg6 31. d5 Rd6 32. dxc6 Rd2 33. cxb7 Rxb2
34. Rxe4 Rxb7 35. Rxf3 Rb1 36. Re8+ Kh7 37. Rf7 h5 38. Ne3 Rgg1 39. Ree7 h4 40.
Ng4 Rh1+ 41. Kg2 Rbg1+ 42. Kf3 Rxh3+ 43. Kf4 Rxc3 44. Rxg7+ Kh8 45. Rh7+ Kg8
46. Nf6+ Kf8 47. Ref7# 1-0

[Event "Gibtelecom AmatWk1 6th"]
[Site "Gibraltar"]
[Date "2008.01.22"]
[Round "1.43"]
[White "Dickens, Rupert"]
[Black "Garcia Lechugo, Francisco"]
[Result "1-0"]
[WhiteElo "1840"]
[BlackElo "1515"]
[PlyCount "59"]
[EventDate "2008.01.22"]
[EventType "swiss"]
[EventRounds "5"]
[EventCountry "GGB"]
[SourceTitle "BritBase"]
[Source "www.saund.co.uk"]
[SourceDate "2018.02.10"]
[SourceVersion "1"]
[SourceVersionDate "2018.02.10"]
[SourceQuality "1"]

1. d4 g6 2. e4 Bg7 3. Nf3 d6 4. Nc3 a6 5. Be3 Bg4 6. h3 Bxf3 7. Qxf3 Nd7 8. g4
c5 9. Rd1 cxd4 10. Bxd4 Ne5 11. Qe3 Qc8 12. f4 Nxg4 13. hxg4 e5 14. fxe5 dxe5
15. Bc5 Qxg4 16. Bh3 Qh4+ 17. Ke2 Qh5+ 18. Kf1 f5 19. exf5 gxf5 20. Bg2 Qf7 21.
Bd5 Qc7 22. Bf3 Nf6 23. Nd5 Nxd5 24. Rxd5 Kf7 25. Bh5+ Kg8 26. Qb3 h6 27. Rd7+
Kh7 28. Rxc7 Rhg8 29. Rg1 Rad8 30. Qf7 1-0

[Event "Gibtelecom AmatWk1 6th"]
[Site "Gibraltar"]
[Date "2008.01.22"]
[Round "1.44"]
[White "Haddock, Paul"]
[Black "Aagedal, Geir Ole"]
[Result "1/2-1/2"]
[WhiteElo "1456"]
[BlackElo "1839"]
[PlyCount "72"]
[EventDate "2008.01.22"]
[EventType "swiss"]
[EventRounds "5"]
[EventCountry "GGB"]
[SourceTitle "BritBase"]
[Source "www.saund.co.uk"]
[SourceDate "2018.02.10"]
[SourceVersion "1"]
[SourceVersionDate "2018.02.10"]
[SourceQuality "1"]

1. e4 c5 2. Nf3 g6 3. d4 cxd4 4. Nxd4 Nc6 5. Nc3 Bg7 6. Be3 Nf6 7. Bc4 O-O 8.
Qd2 Ng4 9. Nxc6 bxc6 10. Bd4 Bxd4 11. Qxd4 Qc7 12. h4 h5 13. f3 Qg3+ 14. Kf1
Qf4 15. Re1 e5 16. Qd3 Kg7 17. Kg1 Nh6 18. Ne2 Qf6 19. Rd1 d5 20. exd5 cxd5 21.
Qxd5 Be6 22. Qe4 Rad8 23. Rxd8 Rxd8 24. Bxe6 Qxe6 25. Nc3 Nf5 26. Kh2 Rd4 27.
Qb7 a5 28. Rd1 Rxh4+ 29. Kg1 Rd4 30. Rxd4 exd4 31. Ne4 Qxa2 32. Qb6 Qe6 33.
Qxa5 h4 34. Qc5 Qe7 35. Qxe7 Nxe7 36. Kf2 f5 1/2-1/2

[Event "Gibtelecom AmatWk1 6th"]
[Site "Gibraltar"]
[Date "2008.01.22"]
[Round "1.45"]
[White "Lode, Marius Skefstad"]
[Black "Bath, Tom"]
[Result "1-0"]
[WhiteElo "1822"]
[BlackElo "1424"]
[PlyCount "57"]
[EventDate "2008.01.22"]
[EventType "swiss"]
[EventRounds "5"]
[EventCountry "GGB"]
[SourceTitle "BritBase"]
[Source "www.saund.co.uk"]
[SourceDate "2018.02.10"]
[SourceVersion "1"]
[SourceVersionDate "2018.02.10"]
[SourceQuality "1"]

1. e4 c5 2. Nf3 d6 3. d4 cxd4 4. Nxd4 a6 5. c4 Nf6 6. Nc3 e5 7. Nb3 Be6 8. Be3
Be7 9. Be2 Nbd7 10. O-O O-O 11. Nd2 Rc8 12. f4 exf4 13. Rxf4 Ne5 14. Nd5 Bxd5
15. cxd5 Qd7 16. Bd4 b5 17. Qb3 Ng6 18. Rff1 Ng4 19. h3 N4e5 20. Kh1 Bg5 21.
Nf3 Nxf3 22. Bxf3 Nf4 23. Bg4 Qe7 24. Bxc8 Qxe4 25. Qg3 Qxd4 26. Qxg5 Nxd5 27.
Rad1 Qxb2 28. Qxd5 Qe5 29. Bxa6 1-0

[Event "Gibtelecom AmatWk1 6th"]
[Site "Gibraltar"]
[Date "2008.01.22"]
[Round "1.46"]
[White "Coats, Jon R"]
[Black "Ribon Calabia, Mariano"]
[Result "1/2-1/2"]
[WhiteElo "1376"]
[BlackElo "1800"]
[PlyCount "127"]
[EventDate "2008.01.22"]
[EventType "swiss"]
[EventRounds "5"]
[EventCountry "GGB"]
[SourceTitle "BritBase"]
[Source "www.saund.co.uk"]
[SourceDate "2018.02.10"]
[SourceVersion "1"]
[SourceVersionDate "2018.02.10"]
[SourceQuality "1"]

1. Nf3 Nf6 2. c4 g6 3. b3 Bg7 4. Bb2 O-O 5. e3 Nc6 6. Be2 d6 7. O-O e5 8. d3
Bg4 9. Nbd2 Qe7 10. h3 Bd7 11. Rb1 Rae8 12. Nh2 h5 13. Re1 Bf5 14. a3 b6 15. b4
Nh7 16. Ndf3 Bd7 17. Nf1 f5 18. d4 e4 19. N3d2 Bf6 20. f4 h4 21. d5 Nd8 22. Nh2
Qg7 23. Bxf6 Nxf6 24. Kh1 Kf7 25. Rg1 Rh8 26. g4 hxg3 27. Rxg3 Reg8 28. Qf1 c6
29. dxc6 Bxc6 30. b5 Ba8 31. Qg2 Ne6 32. Rg1 Rh6 33. Nb3 Rgh8 34. Bf1 Nh5 35.
Qd2 Nxg3+ 36. Rxg3 Rd8 37. Bg2 Rhh8 38. Nd4 Nxd4 39. exd4 Qf6 40. Nf1 d5 41.
Ne3 dxc4 42. Nxc4 Qxd4 43. Qxd4 Rxd4 44. Ne5+ Ke8 45. Rxg6 Rd2 46. Re6+ Kf8 47.
Rf6+ Kg7 48. Rxf5 e3 49. Bxa8 e2 50. Rg5+ Kf6 51. Rg6+ Ke7 52. Rg7+ Kd6 53.
Rd7+ Kc5 54. Rc7+ Kxb5 55. Bc6+ Ka6 56. Bb7+ Ka5 57. Nc4+ Ka4 58. Bc6+ b5 59.
Rxa7+ Kb3 60. Nxd2+ Kc2 61. Re7 Kxd2 62. Kg2 e1=Q 63. Rxe1 Kxe1 64. Bxb5
1/2-1/2

[Event "Gibtelecom AmatWk1 6th"]
[Site "Gibraltar"]
[Date "2008.01.22"]
[Round "1.47"]
[White "Jacobsen, Maria Pitz"]
[Black "Cox, Marian"]
[Result "1-0"]
[WhiteElo "1799"]
[BlackElo "1200"]
[PlyCount "47"]
[EventDate "2008.01.22"]
[EventType "swiss"]
[EventRounds "5"]
[EventCountry "GGB"]
[SourceTitle "BritBase"]
[Source "www.saund.co.uk"]
[SourceDate "2018.02.10"]
[SourceVersion "1"]
[SourceVersionDate "2018.02.10"]
[SourceQuality "1"]

1. e4 e5 2. Nf3 Nc6 3. Bb5 a6 4. Ba4 Be7 5. O-O Nf6 6. Re1 O-O 7. c3 d6 8. h3
Be6 9. d4 exd4 10. cxd4 Bd7 11. Nc3 h6 12. Bf4 b5 13. Bb3 Nh7 14. Nd5 Ng5 15.
Nxe7+ Qxe7 16. Bxg5 hxg5 17. Qc1 g4 18. hxg4 Bxg4 19. Qxc6 Be6 20. e5 g6 21.
exd6 cxd6 22. Qe4 Rae8 23. d5 Qf6 24. dxe6 1-0

[Event "Gibtelecom AmatWk1 6th"]
[Site "Gibraltar"]
[Date "2008.01.22"]
[Round "1.48"]
[White "Cox, Reginald"]
[Black "Wright, Jonathan"]
[Result "0-1"]
[WhiteElo "1136"]
[BlackElo "1776"]
[PlyCount "56"]
[EventDate "2008.01.22"]
[EventType "swiss"]
[EventRounds "5"]
[EventCountry "GGB"]
[SourceTitle "BritBase"]
[Source "www.saund.co.uk"]
[SourceDate "2018.02.10"]
[SourceVersion "1"]
[SourceVersionDate "2018.02.10"]
[SourceQuality "1"]

1. e4 c6 2. Nf3 d5 3. exd5 cxd5 4. d4 Nf6 5. Nc3 Nc6 6. Be2 g6 7. O-O Bg7 8.
Bf4 a6 9. Re1 O-O 10. h3 Bf5 11. a3 Rc8 12. Bd3 Be6 13. Qd2 b5 14. b4 Qb6 15.
Bf1 Bf5 16. Rad1 Rfd8 17. Nh4 Ne4 18. Nxe4 Bxe4 19. c3 e5 20. Bxe5 Nxe5 21.
dxe5 Bxe5 22. Qe3 Qf6 23. Nf3 Rxc3 24. Qg5 Bxf3 25. Qxf6 Bxf6 26. gxf3 Rxa3 27.
Re3 Ra2 28. Ra3 Rxa3 0-1

[Event "Gibtelecom AmatWk1 6th"]
[Site "Gibraltar"]
[Date "2008.01.22"]
[Round "1.49"]
[White "Hughes, Lloyd"]
[Black "Apps, Ian"]
[Result "1-0"]
[WhiteElo "1745"]
[BlackElo "1088"]
[PlyCount "49"]
[EventDate "2008.01.22"]
[EventType "swiss"]
[EventRounds "5"]
[EventCountry "GGB"]
[SourceTitle "BritBase"]
[Source "www.saund.co.uk"]
[SourceDate "2018.02.10"]
[SourceVersion "1"]
[SourceVersionDate "2018.02.10"]
[SourceQuality "1"]

1. e4 Nf6 2. e5 Nd5 3. d4 e6 4. Nf3 b6 5. a3 Bb7 6. c4 Ne7 7. Bd3 c6 8. Bf4 Ng6
9. Bg3 d5 10. exd6 Bxd6 11. Bxd6 Qxd6 12. Nc3 f5 13. O-O h5 14. Re1 Nf8 15.
Bxf5 Rh6 16. Qd2 Nbd7 17. Ng5 Rf6 18. Bxe6 Rxe6 19. Nxe6 Nxe6 20. Rxe6+ Qxe6
21. Re1 Qxe1+ 22. Qxe1+ Kf7 23. Ne4 Kf8 24. Nd6 Ba6 25. Qe6 1-0

[Event "Gibtelecom AmatWk1 6th"]
[Site "Gibraltar"]
[Date "2008.01.22"]
[Round "1.50"]
[White "Mossiaguine, Arina"]
[Black "Hannan, Peter"]
[Result "0-1"]
[WhiteElo "1111"]
[BlackElo "1728"]
[PlyCount "78"]
[EventDate "2008.01.22"]
[EventType "swiss"]
[EventRounds "5"]
[EventCountry "GGB"]
[SourceTitle "BritBase"]
[Source "www.saund.co.uk"]
[SourceDate "2018.02.10"]
[SourceVersion "1"]
[SourceVersionDate "2018.02.10"]
[SourceQuality "1"]

1. f4 d5 2. Nf3 c5 3. e3 Nc6 4. Bb5 Nf6 5. O-O Bf5 6. d3 Qb6 7. Bxc6+ Qxc6 8.
Ne5 Qc7 9. Nc3 e6 10. Qf3 Bd6 11. Qg3 O-O 12. Bd2 a6 13. Rae1 Rad8 14. e4 dxe4
15. dxe4 Bxe5 16. fxe5 Rxd2 17. exf5 Rxc2 18. exf6 Qxg3 19. hxg3 Rxb2 20. fxg7
Kxg7 21. f6+ Kg6 22. Re2 Rxe2 23. Nxe2 Rd8 24. Rf4 Rd2 25. Nc3 b5 26. Rf2 Rd4
27. Kh2 b4 28. Ne2 Re4 29. Kh3 c4 30. Kh2 c3 31. Kh3 a5 32. g4 a4 33. Ng3 Re3
34. Kh4 Rxg3 35. Kxg3 b3 36. axb3 axb3 37. Kh4 c2 38. Rf1 b2 39. g5 c1=Q 0-1

[Event "Gibtelecom AmatWk1 6th"]
[Site "Gibraltar"]
[Date "2008.01.22"]
[Round "1.51"]
[White "Goodfellow, Russell"]
[Black "Stoop, Michael"]
[Result "1-0"]
[WhiteElo "1648"]
[BlackElo "1056"]
[PlyCount "65"]
[EventDate "2008.01.22"]
[EventType "swiss"]
[EventRounds "5"]
[EventCountry "GGB"]
[SourceTitle "BritBase"]
[Source "www.saund.co.uk"]
[SourceDate "2018.02.10"]
[SourceVersion "1"]
[SourceVersionDate "2018.02.10"]
[SourceQuality "1"]

1. e4 d5 2. exd5 Qxd5 3. Nc3 Qa5 4. d4 Nf6 5. Bc4 Bf5 6. d5 Nbd7 7. Bd2 c6 8.
dxc6 Qe5+ 9. Qe2 bxc6 10. Nf3 Qxe2+ 11. Nxe2 Bxc2 12. Ned4 Nb6 13. Bxf7+ Kxf7
14. Ne5+ Kg8 15. Nxc2 c5 16. Na3 g6 17. O-O-O Nbd7 18. Nac4 Nxe5 19. Nxe5 e6
20. Rhe1 Kg7 21. Ba5 Nd5 22. Nc6 Kf7 23. Kb1 Be7 24. Nxe7 Nxe7 25. Rd7 Rhe8 26.
Bc7 Kf6 27. Be5+ Kf5 28. Bd6 Nd5 29. Bxc5 a6 30. Rf7+ Nf6 31. Re3 Rad8 32. Rf3+
Kg5 33. Be3+ 1-0

[Event "Gibtelecom AmatWk1 6th"]
[Site "Gibraltar"]
[Date "2008.01.22"]
[Round "1.53"]
[White "Hughes, Peter"]
[Black "Dimitrov, Daniel"]
[Result "1/2-1/2"]
[WhiteElo "1664"]
[BlackElo "1000"]
[PlyCount "72"]
[EventDate "2008.01.22"]
[EventType "swiss"]
[EventRounds "5"]
[EventCountry "GGB"]
[SourceTitle "BritBase"]
[Source "www.saund.co.uk"]
[SourceDate "2018.02.10"]
[SourceVersion "1"]
[SourceVersionDate "2018.02.10"]
[SourceQuality "1"]

1. d4 d6 2. c4 g6 3. Nc3 Bg7 4. e4 Nd7 5. Be2 e5 6. d5 Ne7 7. Nf3 h6 8. O-O a6
9. Ne1 Nf6 10. Nd3 Nh7 11. Bd2 f5 12. f4 fxe4 13. Nxe4 Bf5 14. Bf3 Qd7 15. Bc3
Bxe4 16. Bxe4 O-O 17. Qe2 Nf5 18. fxe5 dxe5 19. Bxf5 Rxf5 20. Nc5 Qd6 21. Ne6
Rh5 22. Qe4 Nf8 23. Rxf8+ Rxf8 24. Nxf8 Qxf8 25. g4 Rh4 26. Be1 g5 27. Bxh4
gxh4 28. Rf1 Qe7 29. Rf5 Qb4 30. b3 Qc3 31. g5 Qc1+ 32. Kf2 hxg5 33. Rf3 Qb2+
34. Qe2 Qd4+ 35. Kg2 g4 36. Rf1 Bh6 {illegible} 1/2-1/2

[Event "Gibtelecom AmatWk1 6th"]
[Site "Gibraltar"]
[Date "2008.01.22"]
[Round "1.55"]
[White "France, Robert"]
[Black "Salomon, Johan"]
[Result "1-0"]
[WhiteElo "1648"]
[BlackElo "1000"]
[PlyCount "75"]
[EventDate "2008.01.22"]
[EventType "swiss"]
[EventRounds "5"]
[EventCountry "GGB"]
[SourceTitle "BritBase"]
[Source "www.saund.co.uk"]
[SourceDate "2018.02.10"]
[SourceVersion "1"]
[SourceVersionDate "2018.02.10"]
[SourceQuality "1"]

1. e4 c5 2. d4 cxd4 3. c3 dxc3 4. Nxc3 Nc6 5. Nf3 e6 6. Bc4 a6 7. a4 Bb4 8. O-O
Bxc3 9. bxc3 d6 10. Qe2 Qc7 11. Ba3 Nf6 12. Rfd1 Na5 13. Ba2 Qxc3 14. Bxd6 Qc6
15. e5 Nd7 16. Nd4 Qb6 17. Qh5 Nf8 18. Rab1 g6 19. Qh6 Qa7 20. Qg7 Bd7 21. Qxh8
O-O-O 22. Rbc1+ Nc6 23. Bxf8 Kb8 24. Nxc6+ bxc6 25. Bd6+ Kc8 26. Qf6 a5 27. Rb1
Be8 28. Qf3 f5 29. Rb8+ Kd7 30. Bc5+ Kc7 31. Bxa7 Rxb8 32. Bxb8+ Kxb8 33. Rd8+
Kc7 34. Rxe8 Kd7 35. Rh8 Kc7 36. Rxh7+ Kc8 37. Qxc6+ Kd8 38. Qd7# 1-0

[Event "Gibtelecom AmatWk1 6th"]
[Site "Gibraltar"]
[Date "2008.01.22"]
[Round "1.59"]
[White "Flanagan, Samuel"]
[Black "Garcia, Mario"]
[Result "1-0"]
[WhiteElo "1618"]
[BlackElo "1663"]
[PlyCount "99"]
[EventDate "2008.01.22"]
[EventType "swiss"]
[EventRounds "5"]
[EventCountry "GGB"]
[SourceTitle "BritBase"]
[Source "www.saund.co.uk"]
[SourceDate "2018.02.10"]
[SourceVersion "1"]
[SourceVersionDate "2018.02.10"]
[SourceQuality "1"]

1. d4 Nf6 2. Bg5 e6 3. e3 Be7 4. Nf3 d5 5. c4 c6 6. Bd3 dxc4 7. Bxc4 Nbd7 8.
O-O O-O 9. Nc3 Nd5 10. Bxe7 Qxe7 11. Qc2 Nxc3 12. Qxc3 Nf6 13. Bd3 Nd5 14. Qc1
f5 15. a3 Bd7 16. Bc4 Rac8 17. b4 Be8 18. Qd2 Nb6 19. Bb3 Bf7 20. Qa2 Nd7 21.
Qb2 Bh5 22. Nd2 Kh8 23. Bd1 Bxd1 24. Raxd1 e5 25. dxe5 Nxe5 26. Nb3 Rcd8 27.
Nd4 Qf6 28. Qb3 Rfe8 29. Ne2 Ng6 30. h3 Qe7 31. Rd3 Rxd3 32. Qxd3 Qe6 33. Rd1
Kg8 34. Nd4 Qe4 35. Nxf5 Qxd3 36. Rxd3 Ne5 37. Rd4 b6 38. Kf1 g6 39. Nh6+ Kg7
40. Ng4 Nxg4 41. Rxg4 c5 42. bxc5 bxc5 43. Ra4 Re7 44. Ra5 Rc7 45. Ke2 c4 46.
Kd2 Kf6 47. Kc3 Ke6 48. e4 a6 49. Rxa6+ Ke5 50. Ra4 1-0

[Event "Gibtelecom AmatWk1 6th"]
[Site "Gibraltar"]
[Date "2008.01.22"]
[Round "1.60"]
[White "Sellak, Haddou"]
[Black "Horlock, Peter J"]
[Result "1-0"]
[WhiteElo "1000"]
[BlackElo "1592"]
[PlyCount "68"]
[EventDate "2008.01.22"]
[EventType "swiss"]
[EventRounds "5"]
[EventCountry "GGB"]
[SourceTitle "BritBase"]
[Source "www.saund.co.uk"]
[SourceDate "2018.02.10"]
[SourceVersion "1"]
[SourceVersionDate "2018.02.10"]
[SourceQuality "1"]

1. e4 e5 2. Nf3 Nc6 3. Bc4 Be7 4. c3 Nf6 5. Qe2 d6 6. h3 h6 7. d3 a6 8. Bb3 O-O
9. O-O Re8 10. Nbd2 b5 11. Rd1 Bb7 12. Nf1 Na5 13. Bc2 c5 14. Ng3 Nc6 15. d4
exd4 16. cxd4 Qc7 17. d5 Ne5 18. Nxe5 dxe5 19. Nf5 Bf8 20. Qf3 Qd8 21. a4 c4
22. axb5 axb5 23. Rxa8 Bxa8 24. b3 cxb3 25. Bxb3 Kh7 26. g4 g6 27. Ng3 Qd6 28.
h4 Bb7 29. g5 Ng8 30. Qxf7+ Bg7 31. Qxe8 hxg5 32. Bxg5 Qb4 33. Rb1 Qa5 34. d6
b4 1-0

[Event "Gibtelecom AmatWk1 6th"]
[Site "Gibraltar"]
[Date "2008.01.22"]
[Round "1.61"]
[White "Randall, David C"]
[Black "Mossiaguine, Anastasia"]
[Result "1-0"]
[WhiteElo "1568"]
[BlackElo "920"]
[PlyCount "69"]
[EventDate "2008.01.22"]
[EventType "swiss"]
[EventRounds "5"]
[EventCountry "GGB"]
[SourceTitle "BritBase"]
[Source "www.saund.co.uk"]
[SourceDate "2018.02.10"]
[SourceVersion "1"]
[SourceVersionDate "2018.02.10"]
[SourceQuality "1"]

1. e4 e5 2. f4 exf4 3. Nf3 Bc5 4. d4 Bb6 5. Bxf4 Nf6 6. Bd3 O-O 7. O-O d6 8.
Nbd2 Bg4 9. c3 Nbd7 10. Qc2 g6 11. Kh1 Qe7 12. Rae1 Nh5 13. Be3 c6 14. Bg5 Qe8
15. Bh6 Ng7 16. h3 Bxf3 17. Nxf3 Qe6 18. a3 a5 19. e5 dxe5 20. Nxe5 Nxe5 21.
Rxe5 Qd7 22. Bc4 Rae8 23. Rxe8 Qxe8 24. Qf2 Bc7 25. g4 b5 26. Qf6 Qe4+ 27. Kg1
Qe3+ 28. Bxe3 Re8 29. Bh6 Kf8 30. Qxg7+ Ke7 31. Re1+ Kd8 32. Rxe8+ Kxe8 33.
Qxf7+ Kd8 34. Be6 b4 35. Qd7# 1-0

[Event "Gibtelecom AmatWk1 6th"]
[Site "Gibraltar"]
[Date "2008.01.22"]
[Round "1.62"]
[White "Poggio, Freddie"]
[Black "Loberg, Jo Kristian"]
[Result "0-1"]
[WhiteElo "1616"]
[BlackElo "1450"]
[PlyCount "92"]
[EventDate "2008.01.22"]
[EventType "swiss"]
[EventRounds "5"]
[EventCountry "GGB"]
[SourceTitle "BritBase"]
[Source "www.saund.co.uk"]
[SourceDate "2018.02.10"]
[SourceVersion "1"]
[SourceVersionDate "2018.02.10"]
[SourceQuality "1"]

1. d4 Nf6 2. c4 g6 3. Nf3 Bg7 4. Nc3 d6 5. e3 O-O 6. Be2 c6 7. a3 Qc7 8. O-O e5
9. Qc2 Nbd7 10. b3 d5 11. cxd5 cxd5 12. Bb2 e4 13. Ne1 Nb6 14. a4 Bd7 15. Nb5
Qxc2 16. Nxc2 a6 17. Nc3 Rac8 18. a5 Na8 19. Nb4 Nc7 20. Rfc1 Rfd8 21. Rc2 Bf8
22. Nba2 Nb5 23. Rac1 Nxc3 24. Rxc3 Rxc3 25. Rxc3 Rc8 26. Rxc8 Bxc8 27. b4 Bd7
28. Bc3 Ne8 29. Nc1 Ba4 30. f3 f5 31. fxe4 fxe4 32. Bg4 Kf7 33. h4 h5 34. Bh3
Ke7 35. Ne2 Bh6 36. Kf2 Bd7 37. Bxd7 Kxd7 38. Nf4 Bxf4 39. exf4 Ke6 40. Bd2 Kf5
41. Kg3 Nf6 42. Kh3 Ng4 43. Kg3 e3 44. Bc3 Ke4 45. Be1 Nh6 46. Bc3 Nf5+ 0-1

[Event "Gibtelecom AmatWk1 6th"]
[Site "Gibraltar"]
[Date "2008.01.23"]
[Round "2.41"]
[White "Yarur Elsaca, Daniel"]
[Black "France, Robert"]
[Result "0-1"]
[WhiteElo "1846"]
[BlackElo "1648"]
[PlyCount "44"]
[EventDate "2008.01.22"]
[EventType "swiss"]
[EventRounds "5"]
[EventCountry "GGB"]
[SourceTitle "BritBase"]
[Source "www.saund.co.uk"]
[SourceDate "2018.02.10"]
[SourceVersion "1"]
[SourceVersionDate "2018.02.10"]
[SourceQuality "1"]

1. e4 d5 2. exd5 Nf6 3. d4 Bg4 4. Be2 Bxe2 5. Qxe2 Qxd5 6. Nf3 Nc6 7. Nc3 Qf5
8. O-O O-O-O 9. Rd1 h6 10. a3 g5 11. b4 g4 12. Nh4 Qh5 13. g3 Nxd4 14. Qe3 Nf3+
15. Nxf3 Rxd1+ 16. Nxd1 gxf3 17. h3 Bg7 18. Rb1 Nd5 19. Qe4 Rd8 20. Bf4 e5 21.
Ne3 Nc3 22. g4 Qxh3 0-1

[Event "Gibtelecom AmatWk1 6th"]
[Site "Gibraltar"]
[Date "2008.01.23"]
[Round "2.42"]
[White "Goodfellow, Russell"]
[Black "Dickens, Rupert"]
[Result "0-1"]
[WhiteElo "1648"]
[BlackElo "1840"]
[PlyCount "80"]
[EventDate "2008.01.22"]
[EventType "swiss"]
[EventRounds "5"]
[EventCountry "GGB"]
[SourceTitle "BritBase"]
[Source "www.saund.co.uk"]
[SourceDate "2018.02.10"]
[SourceVersion "1"]
[SourceVersionDate "2018.02.10"]
[SourceQuality "1"]

1. e4 c5 2. Nf3 d6 3. d4 cxd4 4. Nxd4 Nf6 5. Nc3 g6 6. Be3 Bg7 7. f3 O-O 8. Qd2
Nc6 9. Nb3 Be6 10. Nd5 Bxd5 11. exd5 Ne5 12. c4 e6 13. dxe6 fxe6 14. Nd4 Qe7
15. b3 d5 16. c5 Nc6 17. Bb5 Nxd4 18. Bxd4 e5 19. Qe2 a6 20. Ba4 b5 21. cxb6
Qb4+ 22. Qd2 Qxd4 23. Qxd4 exd4 24. Rc1 Rac8 25. O-O Bh6 26. Rc6 Be3+ 27. Kh1
Kf7 28. b4 Rxc6 29. Bxc6 Rb8 30. b7 Ke6 31. a4 Kd6 32. b5 axb5 33. axb5 d3 34.
g3 Nd7 35. Ra1 d2 36. Kg2 Ne5 37. f4 Nxc6 38. bxc6 Kxc6 39. Kf3 d4 40. Ke2 Rxb7
0-1

[Event "Gibtelecom AmatWk1 6th"]
[Site "Gibraltar"]
[Date "2008.01.23"]
[Round "2.43"]
[White "Kuenitz, Klaus"]
[Black "Lode, Marius Skefstad"]
[Result "1-0"]
[WhiteElo "1645"]
[BlackElo "1822"]
[PlyCount "87"]
[EventDate "2008.01.22"]
[EventType "swiss"]
[EventRounds "5"]
[EventCountry "GGB"]
[SourceTitle "BritBase"]
[Source "www.saund.co.uk"]
[SourceDate "2018.02.10"]
[SourceVersion "1"]
[SourceVersionDate "2018.02.10"]
[SourceQuality "1"]

1. d4 Nf6 2. c4 g6 3. Nf3 Bg7 4. Bf4 O-O 5. e3 d6 6. Be2 Nbd7 7. Nc3 c5 8. d5
h6 9. h3 Ne8 10. e4 Ne5 11. Nxe5 dxe5 12. Be3 b6 13. Qd2 Kh7 14. a4 Nd6 15. g4
Nb7 16. O-O Na5 17. Qc2 Ba6 18. Nb5 Bxb5 19. axb5 Nb7 20. Ra3 Nd6 21. Rfa1 Qd7
22. f3 Nc8 23. Qd2 g5 24. b4 cxb4 25. Qxb4 e6 26. c5 exd5 27. c6 Qd8 28. exd5
Qxd5 29. Bd3+ Kg8 30. Be4 Qd6 31. Qb3 Qc7 32. Rd1 Nd6 33. Bd5 Rfe8 34. Bxf7+
Qxf7 35. Rxd6 Qxb3 36. Rxb3 a6 37. Bxb6 axb5 38. c7 Ra1+ 39. Kf2 Rc1 40. Rd8
Kf7 41. Rxb5 Bf6 42. Rbd5 Rc6 43. Rxe8 Kxe8 44. Rd8+ 1-0

[Event "Gibtelecom AmatWk1 6th"]
[Site "Gibraltar"]
[Date "2008.01.23"]
[Round "2.44"]
[White "Flanagan, Samuel"]
[Black "Jacobsen, Maria Pitz"]
[Result "1-0"]
[WhiteElo "1618"]
[BlackElo "1799"]
[PlyCount "61"]
[EventDate "2008.01.22"]
[EventType "swiss"]
[EventRounds "5"]
[EventCountry "GGB"]
[SourceTitle "BritBase"]
[Source "www.saund.co.uk"]
[SourceDate "2018.02.10"]
[SourceVersion "1"]
[SourceVersionDate "2018.02.10"]
[SourceQuality "1"]

1. d4 Nf6 2. Bg5 e6 3. e3 d5 4. Nd2 Be7 5. Ngf3 O-O 6. c4 c6 7. Bd3 Nbd7 8. O-O
h6 9. Bh4 dxc4 10. Nxc4 c5 11. Be2 Ne4 12. Bxe7 Qxe7 13. Qc2 Nef6 14. Rfd1 cxd4
15. Nxd4 a6 16. Rac1 Nd5 17. a3 Rd8 18. Bf3 Qg5 19. Ne2 Nf8 20. Ng3 Bd7 21.
Bxd5 exd5 22. Nb6 Bg4 23. Nxa8 Bxd1 24. Rxd1 Rxa8 25. Qb3 Qe7 26. Rxd5 Ne6 27.
Qd1 Rd8 28. h3 Rxd5 29. Qxd5 g6 30. Ne4 b5 31. Qe5 {no further moves recorded}
1-0

[Event "Gibtelecom AmatWk1 6th"]
[Site "Gibraltar"]
[Date "2008.01.23"]
[Round "2.45"]
[White "Wright, Jonathan"]
[Black "Randall, David C"]
[Result "1-0"]
[WhiteElo "1776"]
[BlackElo "1568"]
[PlyCount "137"]
[EventDate "2008.01.22"]
[EventType "swiss"]
[EventRounds "5"]
[EventCountry "GGB"]
[SourceTitle "BritBase"]
[Source "www.saund.co.uk"]
[SourceDate "2018.02.10"]
[SourceVersion "1"]
[SourceVersionDate "2018.02.10"]
[SourceQuality "1"]

1. e4 c5 2. Nc3 Nc6 3. g3 g6 4. Bg2 Bg7 5. d3 d6 6. Nge2 e6 7. O-O Nge7 8. Be3
Nd4 9. Rb1 O-O 10. Nf4 Rb8 11. Qd2 b6 12. Nd1 Bb7 13. c3 Ndc6 14. Bh3 e5 15.
Nd5 Nxd5 16. exd5 Ne7 17. c4 Bc8 18. Bxc8 Qxc8 19. Nc3 f5 20. Bh6 Qd7 21. Bxg7
Kxg7 22. f4 exf4 23. Qxf4 a6 24. Rbe1 Rbe8 25. Re6 Nc8 26. Rfe1 Rxe6 27. dxe6
Qd8 28. h4 h6 29. Qf3 Re8 30. Qb7+ Re7 31. Qxa6 Qe8 32. Nd5 Rxe6 33. Qb7+ Kf8
34. Rf1 Re1 35. Qh7 Rxf1+ 36. Kxf1 h5 37. Nf4 Qe3 38. Qh8+ Kf7 39. Qxc8 Qf3+
40. Kg1 Qxg3+ 41. Ng2 Qxd3 42. Qc7+ Kf6 43. Qxb6 Qd4+ 44. Kh2 Qe5+ 45. Kh1 f4
46. Qb3 Qf5 47. Qc3+ Kf7 48. Qf3 Qb1+ 49. Kh2 Qxa2 50. Qxf4+ Kg7 51. Qc1 Qb3
52. Qc3+ Qxc3 53. bxc3 Kf6 54. Kg3 g5 55. hxg5+ Kxg5 56. Nh4 Kf6 57. Kf4 Ke6
58. Ke4 Kd7 59. Kd5 Kc7 60. Nf5 Kd7 61. Nxd6 h4 62. Ne4 h3 63. Ng3 h2 64. Kxc5
Kc7 65. Kd5 Kd7 66. c5 Kc7 67. c6 Kd8 68. Kd6 Kc8 69. c7 1-0